Loading...

Soil physics

Bibliographic Details
Main Author: Kohnke, N
Format: Printed Book
Language:Undetermined
English
Published: New Delhi Tata Mcgraw hill publishing company Ltd 1979
Subjects:
LEADER 00580nam a2200181Ia 4500
008 140306s9999 xx 000 0 und d
041 |a eng 
082 |a 631.4  |b KOH/SO 
100 |a Kohnke, N 
245 |a Soil physics 
260 |a New Delhi  |b Tata Mcgraw hill publishing company Ltd  |c 1979 
300 |a 217 
365 |b Rs.72 
650 |a Agricultural chemistry 
650 |a Soil science 
942 |2 ddc  |c BK 
999 |c 119807  |d 119807 
952 |0 0  |1 0  |2 ddc  |4 0  |6 631_400000000000000_KOHSO  |7 0  |9 118994  |a KAUHCV  |b KAUHCV  |d 2004-05-05  |g 72.00  |o 631.4 KOH/SO  |p KAU_HCV-3659  |r 2014-03-22  |w 2014-03-22  |y BK